Gastro-intetinal parasites in feline at veterinary teaching hospital of faculty of veterinary medicine of royal university of agriculture, បរាសិតក្នុងក្រពះពោះវៀនសត្វពិឡារនៅមន្ទីរពេទ្យសត្វ នៅមហាវិទ្យាល័យវេជ្ជសាស្រ្តសត្វនៃ សាកលវិទ្យាល័យភូមិន្ទកសិកម្ម (Record no. 25815)

000 -LEADER
fixed length control field 00735nam a22001217a 4500
040 ## - CATALOGING SOURCE
Transcribing agency RUA
082 ## - DEWEY DECIMAL CLASSIFICATION NUMBER
Classification number AVM AK 2025 B705 Or.1
100 ## - MAIN ENTRY--AUTHOR NAME
Personal name AK TEM , អាក់ ទឹម
245 ## - TITLE STATEMENT
Title Gastro-intetinal parasites in feline at veterinary teaching hospital of faculty of veterinary medicine of royal university of agriculture, បរាសិតក្នុងក្រពះពោះវៀនសត្វពិឡារនៅមន្ទីរពេទ្យសត្វ នៅមហាវិទ្យាល័យវេជ្ជសាស្រ្តសត្វនៃ សាកលវិទ្យាល័យភូមិន្ទកសិកម្ម
260 ## - PUBLICATION, DISTRIBUTION, ETC. (IMPRINT)
Place of publication PHNOM PENH
Name of publisher RUA
Year of publication 2025
300 ## - PHYSICAL DESCRIPTION
Number of Pages xi,42p.
Other physical details ill.
Dimensions 29cm
942 ## - ADDED ENTRY ELEMENTS (KOHA)
Koha item type AVM
952 ## - LOCATION AND ITEM INFORMATION (KOHA)
Withdrawn status [LOCAL, KOHA] 0
952 ## - LOCATION AND ITEM INFORMATION (KOHA)
Withdrawn status [LOCAL, KOHA] 0
Holdings
Permanent Location Date acquired Koha item type Lost status Shelving location Barcode Current Location Full call number
Library Block B2026-05-26AVM B705 B712255Library Block BAVM AK 2025 B705 Or.1
Library Block B2026-05-26AVM B705B712244Library Block BAVM AK 2025 B705 Or.2
មជ្ឈមណ្ឌលឯការនៃសាកលវិទ្យាល័យភូមិន្ទកសិកម្មចំការដូង

Powered by Koha